000 00663nam a22002417a 4500
003 UA-OsUOA
001 96852
007 ta
008 20130322b un ||||| |||| 00| 0 ukr d
100 _aМиронов Ф.
090 _a821.135.2
_bМ64
942 _cBK
040 _aUA-OsUOA
_brus
_cUA-OsUOA
_dUA-OsUOA
245 _aСумка, полная невидимых стрел
300 _a127 с.
_bІлюстрації
955 _a3
041 _arus
080 _a821.135.2
260 _aМ.
_bМолодая гвардия
_c1990
044 _aRU
650 7 _a82 Література. Літературознавство
_2UDC
999 _c383106
_d383106